000 00769nam a22002417a 4500
005 20200104041800.0
008 170926s20062009ck o|||dr|||| 00| 0 spa d
020 _a9589798136
040 _aCO-BoIAVH
_cCO-BoIAVH
041 _aspa
044 _ack
090 _aI-CU
_b01
100 1 _aUribe Hurtado, Cristina
245 _aTeresita Crocodilus de viaje por el Amazonas
260 _aBogotá:
_bCristina Uribe Ediciones,
_c2009.
300 _a33 páginas
_bfotografías a color
_c22 x 22cm
490 _aLibros Educativos - Aprendiendo sobre el mundo en que vivimos.
650 1 4 _aLiteratura infantil
650 1 4 _aFauna
_vConservación
650 1 4 _aEducación ambiental
650 1 4 _aCuentos para niños
942 _2z
_cLIBRO
999 _c19893
_d19893